Iglesia Arte Misterio / (Record no. 79862)

MARC details
000 -LEADER
campo de control de longitud fija 00608nam a2200181 i 4500
001 - NÚMERO DE CONTROL
campo de control 79862
003 - IDENTIFICADOR DE NÚMERO DE CONTROL
campo de control ES-MaACL
005 - FECHA Y HORA DE LA ÚLTIMA TRANSACCIÓN
campo de control 20230906174052.0
007 - CAMPO FIJO DE DESCRIPCIÓN FÍSICA--INFORMACIÓN GENERAL
campo de control de longitud fija t|
008 - DATOS DE LONGITUD FIJA--INFORMACIÓN GENERAL
campo de control de longitud fija 041025s1957 sp ||||1| spa d
100 1# - ENTRADA PRINCIPAL--NOMBRE DE PERSONA
Nombre de persona Hérwegen, Ildefonso.
9 (RLIN) 63433
245 10 - MENCIÓN DEL TÍTULO
Título Iglesia Arte Misterio /
Mención de responsabilidad, etc. Ildefonso Hérwegen ; prólogo del Burkhard Neunhenser Osa ; lo tradujo del alemán Ignacio Oñatibia.
260 ## - PUBLICACIÓN, DISTRIBUCIÓN, ETC.
Lugar de publicación, distribución, etc. Madrid :
Nombre del editor, distribuidor, etc. Guadarrama,
Fecha de publicación, distribución, etc. [1957]
300 ## - DESCRIPCIÓN FÍSICA
Extensión 109 p., 6 lám. ;
Dimensiones 18 cm.
700 1# - ENTRADA AGREGADA--NOMBRE PERSONAL
Nombre de persona Neunhenser Osa, Burkhard.
9 (RLIN) 85455
700 1# - ENTRADA AGREGADA--NOMBRE PERSONAL
Nombre de persona Oñatibia, Ignacio.
9 (RLIN) 87114
852 ## - LOCALIZACIÓN
Ubicación ES-MaACL
Número de control de estantería C-19003
Sublocalización o colección R.46175
Holdings
Estatus retirado Estado de pérdida Estado de daño No para préstamo Biblioteca de origen Biblioteca actual Ubicación en estantería Fecha de adquisición Fuente de adquisición Total de préstamos Signatura topográfica completa Código de barras Visto por última vez Precio de reemplazo Tipo de ítem Koha
        Biblioteca del Ateneo de Madrid Biblioteca del Ateneo de Madrid Galería 17/01/2008     C-19003 1083507 23/02/2023 23/02/2023 Libro impreso